Grace Glory and Gaffe: (Record no. 204849)
[ view plain ]
| 000 -LEADER | |
|---|---|
| fixed length control field | 00737nam a22002057a 4500 |
| 005 - DATE AND TIME OF LATEST TRANSACTION | |
| control field | 20240805153333.0 |
| 010 ## - LCCN (DPL NO) | |
| LC control number | ENG-141185 |
| 020 ## - INTERNATIONAL STANDARD BOOK NUMBER | |
| Terms of availability | 775.00 |
| International Standard Book Number | 9788196775193 |
| 035 ## - SYSTEM CONTROL NUMBER | |
| System control number | EN-124717 |
| 037 ## - SOURCE OF ACQUISITION | |
| Source of stock number/acquisition | DBAD |
| 082 ## - DEWEY DECIMAL CLASSIFICATION NUMBER | |
| Classification number | 355.033054 |
| Edition number | 1 |
| 245 00 - TITLE STATEMENT | |
| Title | Grace Glory and Gaffe: |
| Remainder of title | India's Northeastern Region@75/ |
| Statement of responsibility, etc | Edited By Uttara Sahasrabuddhe [and] Gayatri Lele |
| 250 ## - EDITION STATEMENT | |
| Edition statement | 1 |
| 260 ## - PUBLICATION, DISTRIBUTION, ETC. (IMPRINT) | |
| Place of publication, distribution, etc | Mumbai |
| Name of publisher, distributor, etc | Kabdwal Book International |
| 270 ## - ADDRESS | |
| Address | Plot No. 179, D/42, Raigad CHS, Sector 1, Charkop, Kandivali(W) |
| City | Mumbai |
| Postal code | 400067 |
| Electronic mail address | order@kabdwalbook.com |
| 300 ## - PHYSICAL DESCRIPTION | |
| Extent | 289p. |
| Dimensions | 22cm(pb) |
| 700 ## - ADDED ENTRY--PERSONAL NAME | |
| Personal name | Sahasrabuddhe, Uttara |
| Relator term | Editor |
| 9 (RLIN) | 69498 |
| 700 ## - ADDED ENTRY--PERSONAL NAME | |
| Personal name | Lele, Gayatri |
| Relator term | Editor |
| 9 (RLIN) | 69499 |
| 942 ## - ADDED ENTRY ELEMENTS (KOHA) | |
| Source of classification or shelving scheme | Dewey Decimal Classification |
| Item type | English Books |
| Call number suffix | GRA |
| Classification part | 355.033054 |
| Edition | 1 |
| Withdrawn status | Lost status | Not for loan | Collection code | Home library | Current library | Date acquired | Source of acquisition | Cost, normal purchase price | Full call number | Barcode | Copy number | Cost, replacement price | Koha item type |
|---|---|---|---|---|---|---|---|---|---|---|---|---|---|
| Non-fiction | Patel Nagar | Patel Nagar | 05/08/2024 | Delivery of Books Act Division | 775.00 | GRA 355.033054 | EN-124717 | 1 | 775.00 | English Books |
